| 000 | 00879nam a2200253 a 4500 | ||
|---|---|---|---|
| 999 |
_c2000 _d2000 |
||
| 001 | 921 | ||
| 003 | BD-DhUAP | ||
| 005 | 20200218160437.0 | ||
| 008 | 200218s1997 bg b 001 0 eng d | ||
| 020 | _a9840513923 | ||
| 040 |
_aBD-DhUAP _cBD-DhUAP _bEng _dBD-DhUAP |
||
| 082 | 0 | 0 |
_a354.5492073 MOR _223 |
| 100 | 1 | _aMorshed, M. Mahbubur Rahman. | |
| 245 | 1 | 0 |
_aBureaucratic response to administrative decentralisation : _ba study of Bangladesh civil service / _cM. Mahbubur Rahman Morshed. |
| 260 |
_aDhaka : _bUniversity Press, _cc1997. |
||
| 300 |
_axvii, 238 pages ; _c23 cm. |
||
| 504 | _aIncludes bibliographical references and index. | ||
| 650 | 0 |
_aDecentralization in government _zBangladesh. |
|
| 650 | 0 |
_aFederal government _zBangladesh. |
|
| 650 | 0 |
_aBureacracy _zBangladesh. |
|
| 942 |
_2ddc _cBK |
||